Plan estratégico orientado al fortalecimiento de la atención del paciente asegurado del Hospital Cruz Azul, sede Central
El presente trabajo consiste en el desarrollo de un plan estratégico orientado al fortalecimiento de la atención del paciente asegurado del hospital Cruz Azul, se realizó un diagnostico institucional del proceso del servicio de atención médica.
| Main Authors: | , , |
|---|---|
| Other Authors: | |
| Format: | Tesis Section = Libro |
| Language: | Undetermined Spanish |
| Published: |
Managua
UNI
2013
|
| Subjects: |
| LEADER | 01199nam a2200277Ia 4500 | ||
|---|---|---|---|
| 008 | 240830s9999 xx 000 0 und d | ||
| 040 | |a BIBLIOTECA-RUPAP Mon 658.402 Z49 | ||
| 041 | |a spa | ||
| 082 | |a Mon 658.402 Z49 | ||
| 100 | 1 | |a Herrero Urbina, Nancy Ellieth | |
| 100 | 1 | |b Aguilar Guadamuz, Manuel Alfredo | |
| 100 | 1 | |c Acevedo Bonilla, Víctor Andrés | |
| 245 | 1 | 0 | |a Plan estratégico orientado al fortalecimiento de la atención del paciente asegurado del Hospital Cruz Azul, sede Central |
| 260 | |a Managua |b UNI |c 2013 | ||
| 300 | |a 163 p. :il. | ||
| 500 | |a Contiene: apéndices. | ||
| 502 | |a Tesis (Ingeniero de Sistemas)- UNI, 2013. | ||
| 520 | 3 | |a El presente trabajo consiste en el desarrollo de un plan estratégico orientado al fortalecimiento de la atención del paciente asegurado del hospital Cruz Azul, se realizó un diagnostico institucional del proceso del servicio de atención médica. | |
| 650 | 7 | |a ORGANIZACIÓN INTERNA | |
| 650 | 7 | |b ESTRUCTURA ADMINSITRATIVA | |
| 650 | 7 | |c PLANIFICACION ESTRATÉGICA - EMPRESA | |
| 650 | 7 | |d MANUAL DE FUNCIONES | |
| 700 | 1 | |a Tutor: |b Sánchez Munguía, Marvin René | |
| 942 | |c BK |2 ddc | ||
| 991 | |a TESIS | ||
| 999 | |c 17298 | ||